000 00599cam a22002293a 4500
001 27105
003 PGUSA
005 20140828083603.0
008 081030s2008||||xxu|||||s|||||000 | eng d
040 _aPGUSA
_beng
042 _adc
050 4 _aPL
100 1 _aTianhuazangzhuren
245 1 0 _a玉支机
_h[electronic resource] /
_cTianhuazangzhuren
260 _bProject Gutenberg,
_c2008
506 _aPublic domain in the USA.
516 _aElectronic text
740 0 _aYu Zhi Ji
830 0 _aProject Gutenberg
_v27105
856 4 0 _uhttp://www.gutenberg.org/ebooks/27105
942 _cEB
999 _c256360
_d256360